000 00886nam a22002897a 4500
003 CHAP
005 20220329135215.0
008 971013s1971 r 00010 d
010 _a32596
011 _a33568
035 _a37684
040 _cCHAP
082 _a301
_bO6Ye 1964
100 0 0 _aNimkoff, Meyer F.
_981352
245 _aEjercicios de sociología
_b: manual adaptado a la sociología de Ogbun y Nimkoff
260 _aMadrid :
_bAguilar,
_c1971
300 _a172 p.
590 _aBATCH-UPD
_b10
_c20130110
_lUCH01
_h0947
590 _aBATCH-UPD
_b10
_c20130410
_lUCH01
_h0602
590 _aBATCH-UPD
_b10
_c20130914
_lUCH01
_h1839
590 _aCONVERSION
_b10
_c20130109
_lUCH01
_h1318
650 1 4 _aSociología.
_9108197
700 0 _aForeman, Paul B.
_942310
901 _aBK
942 _cLIBRO
949 _a301 O6Ye 1964
_bBC
_cLIBRO
_d33724000286555
_eLIBRO
_h39990
_i37684
_si
999 _c32596
_d32596